00336 a2200097 4500001001000000005001700010008004100027245004600068100002100114773010300135ART_3966820260410162012.0260409a 10aA propósito de la división de poderes1 aCynowiec, Marcos0 tPropuestas para la sociedad, el gobierno y la produccióng- Año 5, Nº 9 (nov. 2001)wREV39547